Southville International School and Colleges
Your cart is empty.
  • Cart
  • Lists
    Public lists Eva Luna New books Lux_list list_1
    Your lists Log in to create your own lists
  • Log in to your account
  • Your cookies
  • Search history
Southville International School and Colleges
  • Advanced search
  • Recent comments
  • Most popular
  • Libraries

Log in to your account

Log in with GOOGLE


If you do not have an external account, but do have a local account, you can still log in:

  1. Home
  2. MARC view: Gotta Tango /
Normal view MARC view ISBD view

Gotta Tango / (Record no. 24937)

[ view plain ]
MARC details
000 -LEADER
fixed length control field 00501nam a2200181 a 4500
005 - DATE AND TIME OF LATEST TRANSACTION
control field 20140310183550.0
008 - FIXED-LENGTH DATA ELEMENTS--GENERAL INFORMATION
fixed length control field 111012s19uu xx 00 eng d
020 ## - INTERNATIONAL STANDARD BOOK NUMBER
International Standard Book Number 9780736056304
050 ## - LIBRARY OF CONGRESS CALL NUMBER
Classification number GV 1796.T3
Item number .P39 2008
100 ## - MAIN ENTRY--PERSONAL NAME
Personal name Paz, Alberto
245 ## - TITLE STATEMENT
Title Gotta Tango /
Statement of responsibility, etc Alberto Paz, Valorie Hart.
260 ## - PUBLICATION, DISTRIBUTION, ETC. (IMPRINT)
Place of publication, distribution, etc United States :
Name of publisher, distributor, etc Human Kinetics,
Date of publication, distribution, etc 2008.
300 ## - PHYSICAL DESCRIPTION
Extent 185 p. :
Other physical details ill. ;
Dimensions 27 cm.
650 ## - SUBJECT ADDED ENTRY--TOPICAL TERM
Topical term or geographic name as entry element Tango (Dance)
700 ## - ADDED ENTRY--PERSONAL NAME
Personal name Hart, Valorie
942 ## - ADDED ENTRY ELEMENTS (KOHA)
Koha item type Books
Source of classification or shelving scheme Library of Congress Classification
Call number prefix Foreign
Holdings
Withdrawn status Lost status Source of classification or shelving scheme Damaged status Home library Current library Shelving location Date acquired Source of acquisition Total Checkouts Full call number Barcode Date last seen Copy number Price effective from Koha item type
    Library of Congress Classification   College Library College Library General Circulation Section 01/08/2014 Donation   GV 1796.T3 .P39 2008 C13731 05/15/2018 1 01/08/2014 Books

Gotta Tango /

APA

Paz A., Hart V., . (2008). Gotta Tango. United States: Human Kinetics.

Chicago

Paz Alberto, Hart Valorie, . 2008. Gotta Tango. United States: Human Kinetics.

Harvard

Paz A., Hart V., . (2008). Gotta Tango. United States: Human Kinetics.

MLA

Paz Alberto, Hart Valorie, . Gotta Tango. United States: Human Kinetics. 2008.

  • Place hold
  • Print
  • Cite
  • Add to your cart (remove)
  • Save record
    BIBTEX Dublin Core MARCXML MARC (non-Unicode/MARC-8) MARC (Unicode/UTF-8) MARC (Unicode/UTF-8, Standard) MODS (XML) RIS
  • More searches
    Search for this title in:
    Other Libraries (WorldCat) Other Databases (Google Scholar) Online Stores (Bookfinder.com) Open Library (openlibrary.org)

Exporting to Dublin Core...

SOUTHVILLE LIBRARY

Southville International School and Colleges Library

1281 Tropical Ave. Cor. Luxembourg St., BF Homes International, Las Pinas City

Tel. No. 8256374 / 252358 Loc. 117/146

Powered by Koha